000 00887nam a2200253Ia 4500
003 OSt
005 20220918202527.0
006 a|||||r|||| 00| 0
007 ta
008 220917b |||||||| |||| 00| 0 eng d
024 _a101,915
037 _cTextual
040 _aARTS
_cARTS
_beng
041 _2eng
_aeng
082 _aV247,21tN65, K7 SC-ZMQ
110 _aJammu & Kashmir home (Department) Commission of inquiry aganist Bakshi Ghulam Mohammad 1965--67. Chairman N Rajagopalan Ayyanger
_9104203
245 0 _aCommission of Inquiry
260 _aSringar
_bNA
_c1967
300 _a720p.
_ccm.
650 _aHISTORY
700 _aJammu & Kashmir home (Department) Commission of inquiry aganist Bakshi Ghulam Mohammad 1965--67. Chairman N Rajagopalan Ayyanger
_9104204
942 _hV247,21tN65, K7 SC-ZMQ
_cTEXL
_2CC
999 _c225375
_d225375